FOOD & NUTRITION (Record no. 8699)

MARC details
000 -LEADER
fixed length control field 00288nam a22001457a 4500
003 - CONTROL NUMBER IDENTIFIER
control field SGT
082 ## - DEWEY DECIMAL CLASSIFICATION NUMBER
Classification number 612.3
Item number F16B
100 ## - MAIN ENTRY--PERSONAL NAME
Personal name BANSAL,S.
245 ## - TITLE STATEMENT
Title FOOD & NUTRITION
250 ## - EDITION STATEMENT
Edition statement 1ST
260 ## - PUBLICATION, DISTRIBUTION, ETC. (IMPRINT)
Place of publication, distribution, etc DELHI
Name of publisher, distributor, etc AITBS PUB
Year of Publication 2016
300 ## - PAGE DESCRIPTION
No. of Pages 438
650 ## - SUBJECT ADDED ENTRY--TOPICAL TERM
Topical term or geographic name as entry element NUTRITION
942 ## - ADDED ENTRY ELEMENTS (KOHA)
Source of classification or shelving scheme Dewey Decimal Classification
Koha item type Books
942 ## - ADDED ENTRY ELEMENTS (KOHA)
-- 3
Holdings
Withdrawn status Lost status Source of classification or shelving scheme Damaged status Not for loan Collection code Home library Current library Shelving location Date acquired Vendor Name Cost, normal purchase price SGTU Bill Number Total Checkouts Full call number Accession No. (Barcode) Date last seen Bill Date Koha item type Date last borrowed Use restrictions
    Dewey Decimal Classification     AYURVEDA SGT FA-FP Library SGT FA-FP Library Text Book 01/04/2016 AHUJA 250.00 SGTU 6599   612.3 F16B FA4851 01/04/2016 10/02/2016 Books    
    Dewey Decimal Classification     AYURVEDA SGT FA-FP Library SGT FA-FP Library Text Book 01/04/2016 AHUJA 250.00 SGTU 6599   612.3 F16B FA4852 01/04/2016 10/02/2016 Books    
    Dewey Decimal Classification     AYURVEDA SGT FA-FP Library SGT FA-FP Library Text Book 01/04/2016 AHUJA 250.00 SGTU 6599 3 612.3 F16B FA4853 23/12/2021 10/02/2016 Books 14/12/2021  
    Dewey Decimal Classification     AYURVEDA SGT FA-FP Library SGT FA-FP Library Text Book 01/04/2016 AHUJA 250.00 SGTU 6599 3 612.3 F16B FA4854 25/10/2025 10/02/2016 Books 08/10/2025  
    Dewey Decimal Classification     AYURVEDA SGT FA-FP Library SGT FA-FP Library Reference Book 01/04/2016 AHUJA 250.00 SGTU 6599   612.3 F16B FA4855 01/04/2016 10/02/2016 Books   Restricted Access